000 00303nam a2200133Ia 4500
008 220216s9999 xx 000 0 und d
100 _aStandring H
245 0 _aRubber toys
260 _bIRI Transactions
_c1927
300 _a198-202
650 _aGutta percha
650 _aRubber toys
942 _cJS
999 _c68077
_d68077